Locations of the Body Click Quiz - Statistics

General Stats
  • This quiz has been taken 308 times
  • The average score is 13 of 20
Answer Stats
Hint Answer % Correct
Nasal Nose
91%
Oral Mouth
89%
Ocular Eye
88%
Pedal Foot
79%
Gluteal Buttocks
78%
Patellar Kneecap
71%
Sternal Breastbone
69%
Clavicular Collarbone
69%
Digital Finger
69%
Femoral Thigh
69%
Manual Hand
63%
Lumbar Lower Back
63%
Scapular Shoulder Blade
63%
Cranial Skull
57%
Dorsal Back
55%
Carpal Wrist
52%
Buccal Cheek
50%
Cervical Neck
42%
Cephalic Head
37%
Tarsal Ankle
32%
No matching quizzes found
Score Distribution
Percent of People with Each Score
Percentile by Number Answered
Your Score History
You have not taken this quiz